Odolnosť prvkov mechanických sústav

Enregistré dans:
Détails bibliographiques
Auteurs principaux: Šimčák, František (Auteur), Trebuňa, František (Auteur)
Format: Livre
Langue:slovaque
Publié: Košice : Technická univerzita v Košiciach, 2004
Édition:vyd.1
Sujets:
Accès en ligne:OBSAH
Tags: Ajouter un tag
Pas de tags, Soyez le premier à ajouter un tag!

MARC

LEADER 00000nam a22000003a 4500
001 stu92144
005 20150617225621.4
008 041217s2004----xo------------------slo-d
020 |a 80-8073-148-9 
040 |a STU  |b slo 
041 0 |a slo 
044 |a xo 
080 |a 62.002.3(063) 
100 1 |a Šimčák, František  |4 aut 
245 1 |a Odolnosť prvkov mechanických sústav 
250 |a vyd.1 
260 |a Košice :  |b Technická univerzita v Košiciach,  |c 2004 
300 |a 980 s 
650 7 |a mechanika  |2 stusub 
650 7 |a vlastnosti materiálov  |2 stusub 
650 7 |a konštrukčné materiály  |2 stusub 
650 7 |a mechanické sústavy  |2 stusub 
700 1 |a Trebuňa, František  |4 aut 
856 4 |a https://sweb.mtf.stuba.sk/obsahy/odolnost_prvkov_mechanickych_sustav_04.pdf  |u https://sweb.mtf.stuba.sk/obsahy/odolnost_prvkov_mechanickych_sustav_04.pdf  |3 OBSAH 
996 |b 284M051552  |c M*11639-1  |l MMST  |s A  |a 24  |w stu92144_0002 
996 |b 284M051553  |c M*11639-2  |l MMKN  |s A  |a 24  |w stu92144_0003 
996 |b 284M051554  |c M*11639-3  |l MMKN  |s A  |a 24  |w stu92144_0004